| 000 | 00636cam a22002053a 4500 | ||
|---|---|---|---|
| 001 | 45444 | ||
| 003 | PGUSA | ||
| 005 | 20140828084042.0 | ||
| 008 | 140421s2014||||xxu|||||s|||||000 | eng d | ||
| 040 |
_aPGUSA _beng |
||
| 042 | _adc | ||
| 100 | 1 | _aHine, Charles DeLano | |
| 245 | 1 | 0 |
_aLetters from an Old Railway Official : _bSecond Series: [To] His Son, a General Manager _h[electronic resource] / _cCharles DeLano Hine |
| 260 |
_bProject Gutenberg, _c2014 |
||
| 506 | _aPublic domain in the USA. | ||
| 516 | _aElectronic text | ||
| 830 | 0 |
_aProject Gutenberg _v45444 |
|
| 856 | 4 | 0 | _uhttp://www.gutenberg.org/ebooks/45444 |
| 942 | _cEB | ||
| 999 |
_c274695 _d274695 |
||